000 00951nam a22002777a 4500
005 20150605105740.0
010 _aENG-112671
020 _a9788188449927
_c395.00
020 _a978818844992x
_c395.00
035 _aEN-96203
037 _bDBAD/PUB
082 _a615.1
100 _a Purcell, William P.
245 0 0 _aStrategy of drug design :
_cby William P. Purcell, George E. Bass [and] John M. Clayton
_ba guide to biological activity /
260 _aHyderabad
_bPharmaMed Press
_c2010(repr.)
270 _a4-4-316,Giriraj Lane, Sultan Bazar,
_bHyderabad
_e500095
300 _aviii,194p.
_c24cm(pbk)
500 _aIncludes Indexes
650 _aDrugs
_xStructure-activity relationships
_xMathematical models.
650 _a Biometry.
650 _aModels, Biologic.
650 _aModels, Chemical.
700 _a Bass, George E.
700 _a Clayton, John M.
942 _2ddc
_cEN
_mPUR
_h615.1
999 _c92895
_d92895